| 000 | 00470nam a22001937a 4500 | ||
|---|---|---|---|
| 003 | SGT | ||
| 020 | _a9786206166213 | ||
| 082 |
_a617.601 _bP23S |
||
| 100 | _aSrivastava, Rangoli | ||
| 245 | _aPathways to Public Health | ||
| 250 | _a1st | ||
| 260 |
_aGermany _bLambert Academic publishing _c2023 |
||
| 300 | _a50 | ||
| 650 | _aPublic Health Dentistry | ||
| 653 | _aPublic Healht | ||
| 700 | _aTanagde, Pradeep | ||
| 700 | _aPriyadarshi, Surbhi | ||
| 942 |
_2ddc _cBK |
||
| 999 |
_c26761 _d26761 |
||